| 000 | 01210nam0a22002891 4500 | ||
|---|---|---|---|
| 001 | rc\4212377 | ||
| 005 | 20250611133547.0 | ||
| 021 |
_aRU _b[50-208] |
||
| 035 | _a(NLR Aleph) 008209726 | ||
| 090 |
_a8089024 _c8089024 |
||
| 100 | _a20130415d1949 |||y0rusy50 ca | ||
| 101 | 0 | _arus | |
| 102 | _aRU | ||
| 105 | _aa z |||h| | ||
| 200 | 1 | _aРуководство к работе по картинам по развитию русской речи в третьих классах нерусских школ РСФСР | |
| 210 |
_aМосква _cУчпедгиз _d1949 _gТип. 2 Упр. изд-в и полиграфии Исполкома Ленгорсовета |
||
| 215 |
_a24 с. _cил. _d20 |
||
| 300 | _aПеред загл. авт.: С.С. Филиппов | ||
| 606 |
_aРечь _xРазвитие _jМетодические пособия _2psbo |
||
| 606 |
_aРусский язык _jУчебно-наглядные пособия для нерусских школ _2psbo |
||
| 700 | 1 |
_aФилиппов _bС.С. _gСергей Семенович |
|
| 801 | 0 |
_aRU _bNLR _gpsbo |
|
| 801 | 1 |
_aRU _bELAR _2rusmarc |
|
| 852 |
_aNLR _jПр20 Г-4/1520 |
||
| 942 | _cBOOK | ||
| 980 | _aNB | ||